000 00530nam a22001937a 4500
003 OSt
005 20140310182352.0
008 130930t xxu||||| |||| 00| 0 eng d
020 _a0746016824
050 _aPE 1111
_b.M718 1993
082 _aGS 425
_b.MOL 1993
100 _aMole, Karen Bryant
_922197
245 _aGrammar puzzles.
_cKaren Bryant Mole.
260 _aEngland :
_bUsborne Pub. Ltd,
_c1993.
300 _a32 p. :
_bcol. ill. ;
_c25 cm.
650 _aGrammar
_xpuzzles
_922198
942 _2lcc
_cBK-GS
999 _c12379
_d12379